Central Library and Information Centre
Sibsagar Girls' College, Sivasagar : Assam

THE PILGRIMS PROGRESS (Record no. 147)

MARC details
000 -LEADER
fixed length control field 00418cam a2200181ua 4500
008 - FIXED-LENGTH DATA ELEMENTS--GENERAL INFORMATION
fixed length control field 160927n1965 II |||gr||||Z||||||eng
040 ## - CATALOGING SOURCE
Original cataloging agency MAIN
041 ## - LANGUAGE CODE
-- English
100 ## - MAIN ENTRY--PERSONAL NAME
Personal name BUNYAN, JOHN.
245 ## - TITLE STATEMENT
Title THE PILGRIMS PROGRESS
250 ## - EDITION STATEMENT
Edition statement 1ST.
260 ## - PUBLICATION, DISTRIBUTION, ETC.
Place of publication, distribution, etc. LONDON
Name of publisher, distributor, etc. DEAN & SONS LTD.
Date of publication, distribution, etc. 1965
300 ## - PHYSICAL DESCRIPTION
Extent 246:
Dimensions 18CM.
700 ## - ADDED ENTRY--PERSONAL NAME
Personal name BUNYAN, JOHN.,
Relator term AUTHOR.
942 ## - ADDED ENTRY ELEMENTS (KOHA)
Koha item type Books
653 ## - INDEX TERM--UNCONTROLLED
Uncontrolled term English fiction
Holdings
Withdrawn status Lost status Source of classification or shelving scheme Damaged status Not for loan Collection code Home library Current library Shelving location Date acquired Full call number Barcode Date last seen Price effective from Koha item type Public note
    Dewey Decimal Classification     REFENG Central Library and Information Centre Sibsagar Girls College Central Library and Information Centre Sibsagar Girls College ENGLISH REFERENCE RACK 19.04.1967 823.7 00168 11.11.2020 11.11.2020 Books V


Sibsagar Girl's College © 2020. All rights reserved.
Powered by Koha.
Maintained by Abhijit Borpuzari.